1.FSV Mainz 05 Squad 2025-2026 - Statistics

General Stats
  • This quiz has been taken 110 times
    25 since last reset
  • The average score is 20 of 37
Answer Stats
# Position Nation Player % Correct
7 MF South Korea Jae-sung Lee
83%
6 MF Japan Kaishu Sano
83%
27 GK Germany Robin Zentner
83%
23 FW Suriname Sheraldo Becker
83%
26 FW DR Congo Silas
83%
10 MF Germany Nadiem Amiri
78%
30 DF Switzerland Silvan Widmer
78%
21 DF Germany Danny da Costa
72%
20 FW Germany Phillip Tietz
72%
16 DF Germany Stefan Bell
72%
4 DF Austria Stefan Posch
72%
- Coach Switzerland Urs Fischer
72%
25 DF Norway Andreas Hanche-Olsen
67%
8 MF Germany Paul Nebel
67%
2 DF Austria Phillipp Mwene
67%
17 FW Germany Benedict Hollerbach
61%
33 GK Germany Daniel Batz
61%
31 DF Germany Dominik Kohr
61%
24 MF Japan Sota Kawasaki
61%
48 DF Poland Kacper Potulski
56%
1 GK Germany Lasse Rieß
56%
15 MF United States Lennard Maloney
56%
44 FW Germany Nelson Weiper
56%
22 DF Austria Nikolas Veratschnig
56%
19 DF France Anthony Caci
50%
9 FW France Arnaud Nordin
50%
14 FW Denmark William Bøving
44%
11 FW Germany Armindo Sieb
39%
- Coach Denmark Bo Henriksen
39%
5 DF Germany Maxim Leitsch
33%
18 DF Australia Kasey Bos
28%
37 FW Germany Ben Bobzien
17%
42 MF Germany Daniel Gleiber
17%
- Coach Germany Benjamin Hoffmann
11%
23 DF Austria Konstantin Schopp
11%
47 DF Germany Maxim Dal
6%
28 MF Germany Niklas Tauer
0%
No matching quizzes found
Score Distribution
Percent of People with Each Score
Percentile by Number Answered
Your Score History
You have not taken this quiz since the last reset